01673nam a2200409 a 4500001001200000003000800012006001900020007001500039008004100054010001700095020002800112020003500140040002100175035002000196050002600216082001800242100003800260245012200298260005900420300001100479504006400490533015200554650004800706650002900754650004800783650004300831650004000874650003500914650003400949650003500983650002901018650002701047655002901074710001701103856012601120999001701246ebr10035843CaPaEBRm u cr cn|||||||||971008s1998 nju sb 001 0 eng  z 97044317  z0691068925 (alk. paper) z0691015066 (pbk. : alk. paper) aCaPaEBRcCaPaEBR a(OCoLC)5154258714aPS169.S23bM59 1998eb04a810.9/3532211 aMizruchi, Susan L.q(Susan Laura)14aThe science of sacrificeh[electronic resource] :bAmerican literature and modern social theory /cSusan L. Mizruchi. aPrinceton, N.J. :bPrinceton University Press,cc1998. a436 p. aIncludes bibliographical references (p. 371-426) and index. aElectronic reproduction.bPalo Alto, Calif. :cebrary,d2013.nAvailable via World Wide Web.nAccess may be limited to ebrary affiliated libraries. 0aAmerican literaturexHistory and criticism. 0aSacrifice in literature. 0aLiterature and anthropologyzUnited States. 0aLiterature and societyzUnited States. 0aRites and ceremonies in literature. 0aHuman sacrifice in literature. 0aSelf-sacrifice in literature. 0aSocial problems in literature. 0aScapegoat in literature. 0aRealism in literature. 7aElectronic books.2local2 aebrary, Inc.40uhttp://site.ebrary.com/lib/rucke/Doc?id=10035843zAn electronic book accessible through the World Wide Web; click to view c59035d59035